The emerging South (Record no. 362519)

000 -LEADER
fixed length control field 00395cam a22001457a 4500
008 - FIXED-LENGTH DATA ELEMENTS--GENERAL INFORMATION
fixed length control field 180718b1961 xxu||||| |||| 00| 0 eng d
082 ## - DEWEY DECIMAL CLASSIFICATION NUMBER
Classification number T19x75 C546
100 ## - MAIN ENTRY--PERSONAL NAME
Personal name Clark, Thomas D.
245 ## - TITLE STATEMENT
Title The emerging South
Statement of responsibility, etc. by Thomas D. Clark
260 ## - PUBLICATION, DISTRIBUTION, ETC.
Place of publication, distribution, etc. New York
Name of publisher, distributor, etc. OUP
Date of publication, distribution, etc. 1961
300 ## - PHYSICAL DESCRIPTION
Extent 317p.
650 ## - SUBJECT ADDED ENTRY--TOPICAL TERM
Topical term or geographic name entry element USA - History
650 ## - SUBJECT ADDED ENTRY--TOPICAL TERM
Topical term or geographic name entry element USA - Social Conditions
650 ## - SUBJECT ADDED ENTRY--TOPICAL TERM
Topical term or geographic name entry element USA - Economic Conditions
Holdings
Withdrawn status Lost status Damaged status Not for loan Permanent Location Current Location Date acquired Full call number Barcode Date last seen Price effective from Koha item type
        Indian Institute of Public Administration Indian Institute of Public Administration 1994-03-23 T19x75 C546 29051 2018-07-21 2018-07-21 Book

Powered by Koha